Lubang rahsia

Bibliographic Details
Main Author: Kalsom Masri
Corporate Author: Title
Format: Book
Published: Kuala Lumpur : Goodmark Enterprise , 2005
Series:Siri sains fiksyen zakra
Subjects:

MARC

LEADER 00000cam a2200000 7i4500
001 0000000560
005 20151222.0
008 070702
020 |a 9830573516(set) 
020 |a 9830573583 
090 0 0 |a JF   |b AD MAL (881) 
100 0 |a Kalsom Masri 
245 1 0 |a Lubang rahsia   |c Kalsom Masri 
260 |a Kuala Lumpur :   |b Goodmark Enterprise ,   |c 2005 
440 |a Siri sains fiksyen zakra 
500 |a Children ages 7-9 years old (orange) 
650 0 |a Adventure 
650 0 |a Junior fiction   |x Malay   |x Languages 
710 0 |a Title 
999 |a 0000957409   |b Book   |c Children Collection   |e Perbadanan Perpustakaan Awam Johor 
999 |a 0000957410   |b Book   |c Children Collection   |e Perbadanan Perpustakaan Awam Johor 
999 |a 0000957411   |b Book   |c Children Collection   |e Cawangan Sri Merlong 
999 |a 0000968647   |b Book   |c Children Collection   |e Cawangan Bukit Gambir 
999 |a 0000968648   |b Book   |c Children Collection   |e Cawangan Bandar Penawar 
999 |a 0000968649   |b Book   |c Children Collection   |e Cawangan Bukit Gambir 
999 |a 0000968650   |b Book   |c Children Collection   |e Cawangan Mersing 
999 |a 000910845   |b Book   |c Teenagers   |e Cawangan Bandar Tenggara